Statistics for Communist Countries on a Map

Click here to take the quiz!

General Stats

  • This quiz has been taken 297 times
    (128 since last reset)
  • The average score is 26 of 28

Answers on the Map

Answers color-coded by a green-red scale on the quiz's map according to % correct below.
Loading ...
 

Answer Stats

Answer% Correct
Soviet Union
100%
Mongolia
99%
China
99%
Poland
99%
North Korea
99%
Afghanistan
98%
Vietnam
98%
Somalia
98%
Romania
98%
North Vietnam
98%
Laos
98%
Bulgaria
98%
East Germany
98%
Yugoslavia
97%
Hungary
97%
Czechoslovakia
97%
Cuba
97%
Ethiopia
97%
Kampuchea
97%
Albania
96%
Mozambique
94%
Angola
94%
Benin
90%
Republic of the Congo
89%
Burkina Faso
88%
Grenada
78%
South Yemen
76%
Tuva
54%

Score Distribution

Percentile by Number Answered

Percent of People with Each Score

Your Score History

You have not taken this quiz since the last reset